Desarrollo de un captador pasivo para la detección de contaminantes orgánicos en el ámbito de la higiene industrial
Guardat en:
| Autor principal: | |
|---|---|
| Format: | Llibre |
| Idioma: | anglès espanyol |
| Publicat: |
Murcia
Secretariado de Publicaciones e Intercambio Científico, Universidad de Murcia
1992
|
| Col·lecció: | Tesis Doctorales
|
| Matèries: | |
| Etiquetes: |
Afegir etiqueta
Sense etiquetes, Sigues el primer a etiquetar aquest registre!
|
MARC
| LEADER | 00000nam a2200000 a 4500 | ||
|---|---|---|---|
| 001 | UCM0387 | ||
| 003 | CL-VaPUC | ||
| 008 | 020125e19920000SP |||||||||||||||||eng|d | ||
| 041 | 0 | 7 | |a eng |2 CL-VaPUC |
| 041 | 0 | 7 | |a spa |2 CL-VaPUC |
| 082 | 0 | 4 | |a 613.62 |b PER |2 21 |
| 100 | 0 | |a Pérez Ballesta, Pascual |e author |9 490605 | |
| 245 | 1 | 0 | |a Desarrollo de un captador pasivo para la detección de contaminantes orgánicos en el ámbito de la higiene industrial |
| 300 | |a pág. irreg | ||
| 942 | |c BK | ||
| 945 | |d 20020125 00:00:00 |a crobeson | ||
| 260 | |a Murcia |b Secretariado de Publicaciones e Intercambio Científico, Universidad de Murcia |c 1992 | ||
| 650 | 0 | |a Higiene industrial |9 318704 | |
| 650 | 7 | |a CONTAMINANTES ORGANICOS |2 CL-VaPUC |9 490606 | |
| 583 | |a last modification |c 20190801 06:56:42 |k Rodrigo Vera | ||
| 490 | 0 | |a Tesis Doctorales | |
| 999 | |c 312140 |d 312138 | ||